000 00821cam a22002533a 4500
001 31232
003 PGUSA
005 20140828083657.0
008 100208s2010||||xxu|||||s|||||000 | eng d
040 _aPGUSA
_beng
042 _adc
050 4 _aE456
100 1 _aDuke, Basil Wilson,
_d1838-1916
245 1 0 _aHistory of Morgan's Cavalry
_h[electronic resource] /
_cBasil Wilson Duke
260 _bProject Gutenberg,
_c2010
506 _aPublic domain in the USA.
516 _aElectronic text
653 _aConfederate States of America. Army. Morgan’s Cavalry Division
653 _aUnited States -- History -- Civil War, 1861-1865 -- Regimental histories
653 _aMorgan, John Hunt, 1825-1864
830 0 _aProject Gutenberg
_v31232
856 4 0 _uhttp://www.gutenberg.org/ebooks/31232
942 _cEB
999 _c260487
_d260487